| 000 | 01180nam a2200217 a 4500 | ||
|---|---|---|---|
| 001 | 000730951 | ||
| 003 | AM-YeHGA | ||
| 005 | 20250617143138.0 | ||
| 008 | 100423s1983 ru r 000 0 rus d | ||
| 040 | _aAM-YeHGA | ||
| 041 | 0 | _arus | |
| 245 | 0 | 0 |
_aТипоморфные особенности рудных минералов эндогенных образований Якутии : _bСборник научных трудов / _cАН СССР, Сиб. отд-ние, Якут. фил., Ин-т геологии, Якут. отд-ние Всесоюз. минерал. о-ва; [Редкол.: Б. Л. Флеров (отв. ред.) и др.]. |
| 260 |
_aЯкутск : _bЯФ СО АН СССР, _c1983. |
||
| 300 |
_a116, 4 с. : _bил. ; _c20 см. |
||
| 504 | _aБиблиогр. в конце ст. | ||
| 653 | 0 | _aРудные месторождения - Типоморфные свойства - Якут. АССР | |
| 700 | 1 |
_aФлеров, Борис Леонидович _eред. _4edt |
|
| 710 | 2 |
_aАкадемия наук СССР. _bСибирское отделение |
|
| 710 | 2 | _aИнститут геологии АН СССР | |
| 090 | _c271892 | ||
| 999 |
_c270254 _d270254 |
||